[Event "IV Turniej Szachowy „Cztery Pory Roku” o Puchar Burmistrza Ursusa - grupa A"]
[Site "Dom Kultury "Kolorowa" Ursus ul. Sosnkowskiego 16"]
[Date "2011.??.??"]
[Round "7.16"]
[White "Reda, Lucja"]
[Black "Mantaev, Ruslan"]
[Result "0-1"]
[WhiteElo "1304"]
[BlackElo "1271"]
[WhiteTitle "II"]
[BlackTitle "III"]

1.e4 e5 2.Nf3 Nc6 3.Bc4 h6 4.O-O Bc5 5.Nc3 d6 6.h3 a6 7.d3 Nf6 8.Be3 Bxe3 
9.fxe3 Na5 10.Bb3 Nxb3 11.axb3 O-O 12.Nh4 Nxe4 13.Nxe4 Qxh4 14.Qf3 Be6 15.
Ra4 Qe7 16.Nc3 c6 17.d4 Bd7 18.Raa1 d5 19.Na4 e4 20.Qf4 Qd8 21.Nc5 Bc8 22.
Rf2 b6 23.Na4 Be6 24.Rc1 Qb8 25.Qh4 Kh7 26.c4 Ra7 27.cxd5 Bxd5 28.Nc3 f5 
29.Nxd5 cxd5 30.Rcf1 Raf7 31.g4 g5 32.Qh5 Qg3+ 33.Kh1 f4 34.exf4 Rxf4 35.
Rxf4 Rxf4 36.Rxf4 Qxf4 37.Kg2 Qf8 38.h4 Qf3+ 39.Kh2 Qf2+ 40.Kh3 Qxh4+ 41.
Qxh4 gxh4 42.Kxh4 Kg6 43.Kg3 Kg5 44.b4 b5 45.b3 e3 46.Kf3 e2 0-1

[Event "IV Turniej Szachowy „Cztery Pory Roku” o Puchar Burmistrza Ursusa - grupa A"]
[Site "Dom Kultury "Kolorowa" Ursus ul. Sosnkowskiego 16"]
[Date "2011.??.??"]
[Round "8.1"]
[White "Strzemiecki, Zbigniew"]
[Black "Eggink, Mateusz"]
[Result "1-0"]
[WhiteElo "2422"]
[BlackElo "1973"]
[WhiteTitle "FM"]
[BlackTitle "II+"]

1.e4 c5 2.Nf3 d6 3.d4 cxd4 4.Qxd4 Nc6 5.Bb5 Bd7 6.Bxc6 Bxc6 7.c4 Nf6 8.Nc3
g6 9.Be3 Bg7 10.O-O O-O 11.Qd3 Rc8 12.Nd4 Ng4 13.Nxc6 bxc6 14.Bd2 Qb6 15.
Qe2 Ne5 16.b3 Rce8 17.Na4 Qa6 18.Bc3 c5 19.f4 Nc6 20.Bxg7 Kxg7 21.f5 Nd4 
22.Qf2 Qb7 23.Nc3 gxf5 24.exf5 Kh8 25.Ne2 e5 26.fxe6 fxe6 27.Qxf8+ Rxf8 
28.Rxf8+ Kg7 29.Rf2 Qe4 30.Ng3 Qe3 31.Rf1 Nc6 32.Kh1 Ne5 33.Nh5+ Kh6 34.
Nf4 a5 35.h3 a4 36.Nxe6 axb3 37.Rf6+ Ng6 38.axb3 Qxb3 39.Kh2 Qe3 40.Nf8 
Qe5+ 41.Kh1 Qe4 42.Nxg6 hxg6 43.R6f4 Qe5 44.Rg4 Qe7 45.Rf3 Qe2 46.Rfg3 g5 
47.Kh2 1-0

[Event "IV Turniej Szachowy „Cztery Pory Roku” o Puchar Burmistrza Ursusa - grupa A"]
[Site "Dom Kultury "Kolorowa" Ursus ul. Sosnkowskiego 16"]
[Date "2011.??.??"]
[Round "8.2"]
[White "Jarmula, Lukasz"]
[Black "Janczarski, Michal"]
[Result "1/2-1/2"]
[WhiteElo "1871"]
[BlackElo "2331"]
[WhiteTitle "I"]
[BlackTitle "k++"]

1.e4 c5 2.Nf3 d6 3.d4 cxd4 4.Nxd4 Nf6 5.Nc3 Nc6 6.Bg5 e6 7.Qd2 a6 8.O-O-O 
h6 9.Nxc6 bxc6 10.Bf4 d5 11.Qe3 Bb4 12.Be2 Qa5 13.exd5 Nxd5 14.Nxd5 cxd5 
15.Kb1 Be7 16.Qg3 Bf6 17.Be5 Bxe5 18.Qxe5 O-O 19.Rd3 Qc5 20.Rg3 f6 21.Qh5 
Kh8 22.f4 Ra7 23.Rc3 Qd4 24.Rf1 Bd7 25.Bd3 a5 26.g4 Rb7 27.Rb3 Be8 28.Qh3 
Rxb3 29.axb3 e5 30.fxe5 Qxe5 31.Qg3 Qxg3 32.hxg3 Bd7 33.Bf5 Bxf5 34.Rxf5 
Rd8 35.Ka2 Kg8 36.Ka3 Kf7 37.Ka4 g6 38.Rf2 d4 39.Kxa5 d3 40.cxd3 Rxd3 41.
b4 Rxg3 42.Re2 Rxg4 43.b5 Rg3 44.b4 Ra3+ 45.Kb6 f5 46.Kc5 Rc3+ 47.Kd5 Rd3+
48.Kc5 Rc3+ 1/2-1/2

[Event "IV Turniej Szachowy „Cztery Pory Roku” o Puchar Burmistrza Ursusa - grupa A"]
[Site "Dom Kultury "Kolorowa" Ursus ul. Sosnkowskiego 16"]
[Date "2011.??.??"]
[Round "8.3"]
[White "Suliborski, Jakub"]
[Black "Brudzinski, Maciej"]
[Result "1/2-1/2"]
[WhiteElo "1902"]
[BlackElo "1879"]
[WhiteTitle "I"]
[BlackTitle "I+"]

1.d4 Nf6 2.c4 c5 3.d5 b5 4.cxb5 a6 5.b6 Qxb6 6.Nc3 Bb7 7.e4 d6 8.Be2 g6 9.
h4 h5 10.Nh3 Bg7 11.Nf4 Nbd7 12.Qc2 Ne5 13.Bd2 Bc8 14.Na4 Qb7 15.Bc3 Rb8 
16.Nxc5 Qa7 17.Bd4 Nfd7 18.Nce6 Nf3+ 19.gxf3 Bxd4 20.Nxd4 Qxd4 21.Qc3 
Qxc3+ 22.bxc3 Nc5 23.O-O O-O 24.Rfb1 Bd7 1/2-1/2

[Event "IV Turniej Szachowy „Cztery Pory Roku” o Puchar Burmistrza Ursusa - grupa A"]
[Site "Dom Kultury "Kolorowa" Ursus ul. Sosnkowskiego 16"]
[Date "2011.??.??"]
[Round "8.4"]
[White "Nowicki, Bartosz"]
[Black "Lewandrowski, Tomasz"]
[Result "1-0"]
[WhiteElo "2138"]
[BlackElo "1835"]
[WhiteTitle "k"]
[BlackTitle "II+"]

1.e4 g6 2.d4 Bg7 3.Nc3 d6 4.f4 Nf6 5.Nf3 O-O 6.Be2 c6 7.O-O Ne8 8.Be3 f5 
9.Qe1 Nf6 10.e5 Ng4 11.Bd2 c5 12.Bc4+ Kh8 13.d5 Bd7 14.h3 Nh6 15.Qh4 e6 
16.dxe6 Qxh4 17.Nxh4 Bc6 18.exd6 Rd8 19.d7 Bf6 20.Nf3 Bxf3 21.Rxf3 Nc6 22.
Nd5 Kg7 23.Nxf6 Kxf6 24.Be1 1-0

[Event "IV Turniej Szachowy „Cztery Pory Roku” o Puchar Burmistrza Ursusa - grupa A"]
[Site "Dom Kultury "Kolorowa" Ursus ul. Sosnkowskiego 16"]
[Date "2011.??.??"]
[Round "8.5"]
[White "Kaminska, Paulina"]
[Black "Jarmula, Pawel"]
[Result "0-1"]
[WhiteElo "1914"]
[BlackElo "2081"]
[WhiteTitle "k"]
[BlackTitle "I"]

1.e4 c5 2.c3 Nf6 3.d3 Nc6 4.f4 d5 5.e5 Nd7 6.Nf3 Nb6 7.Be2 e6 8.Nbd2 Be7 
9.Nf1 f5 10.Bd2 d4 11.Qc2 dxc3 12.bxc3 O-O 13.h4 Nd5 14.a3 b6 15.g3 Bb7 
16.Ne3 Qd7 17.O-O Rfd8 18.Rad1 Bf8 19.Ng5 h6 20.Nh3 g6 21.g4 Nce7 22.h5 
gxh5 23.g5 hxg5 24.Nxg5 Bh6 25.Bxh5 Bxg5 26.fxg5 Nxe3 27.Bxe3 Nd5 28.Rf3 
Qg7 29.Bc1 Qxe5 30.d4 cxd4 31.cxd4 Qd6 32.Qf2 Rac8 33.Rh3 Nc3 34.Re1 Ne4 
35.Qh4 Qxd4+ 36.Be3 Qg7 37.Bg6 Kf8 38.Bh7 Ke7 39.g6+ Qf6 40.Qh5 f4 41.Rf3 
Rd5 42.Qh2 Rg5+ 43.Kf1 Ba6+ 44.Re2 Qa1+ 0-1

[Event "IV Turniej Szachowy „Cztery Pory Roku” o Puchar Burmistrza Ursusa - grupa A"]
[Site "Dom Kultury "Kolorowa" Ursus ul. Sosnkowskiego 16"]
[Date "2011.??.??"]
[Round "8.6"]
[White "Grochulski, Grzegorz"]
[Black "Ogonowski, Jakub"]
[Result "1/2-1/2"]
[WhiteElo "2057"]
[BlackElo "1725"]
[WhiteTitle "I"]
[BlackTitle "II"]

1.e4 c5 2.Nf3 d6 3.d4 cxd4 4.Nxd4 Nf6 5.Nc3 a6 6.f4 Qc7 7.Bd3 Nbd7 8.a4 b6
9.Nb3 Bb7 10.Qe2 e6 11.Bd2 Be7 12.O-O O-O 13.Rae1 e5 14.g4 Nc5 15.Nxc5 
dxc5 16.g5 Nd7 17.f5 Rfd8 18.g6 fxg6 19.fxg6 Nf6 20.gxh7+ Kh8 21.Bg5 Rd4 
22.b3 Rf8 23.Bxf6 Rxf6 24.Rxf6 Bxf6 25.Qh5 Qe7 26.Qg6 Qd7 27.Rf1 Qd8 28.h4
Rd6 29.h5 Bg5 30.Qf7 Be3+ 1/2-1/2

[Event "IV Turniej Szachowy „Cztery Pory Roku” o Puchar Burmistrza Ursusa - grupa A"]
[Site "Dom Kultury "Kolorowa" Ursus ul. Sosnkowskiego 16"]
[Date "2011.??.??"]
[Round "8.7"]
[White "Praczukowski, Stanislaw"]
[Black "Borowicz, Przemyslaw"]
[Result "1-0"]
[WhiteElo "1628"]
[BlackElo "2005"]
[WhiteTitle "II"]
[BlackTitle "I++"]

1.d4 d5 2.c4 c6 3.Nf3 Nf6 4.e3 e6 5.b3 Nbd7 6.Bb2 Bd6 7.Bd3 Qe7 8.Ne5 O-O 
9.O-O Rd8 10.Nd2 Ne8 11.f4 f6 12.Bxh7+ Kxh7 13.Qh5+ Kg8 14.Ng6 f5 15.Nxe7+
Bxe7 16.cxd5 Ndf6 17.Qe2 exd5 18.Rac1 Be6 19.Rf3 Nd6 20.Ba3 Re8 21.Rh3 Bf7
22.Bxd6 Bxd6 23.Qd3 Bh5 24.Nf3 Bg4 25.Rh4 Ne4 26.Ne5 Be7 27.Rxg4 fxg4 28.
Qe2 Nf6 29.Rc2 Bb4 30.Nxg4 Nxg4 31.Qxg4 Rxe3 32.Re2 Rae8 33.Rxe3 Rxe3 34.
Qc8+ Kh7 35.Qxb7 Bc3 36.Qxc6 Bxd4 37.Kf1 Rd3 38.Qc2 1-0

[Event "IV Turniej Szachowy „Cztery Pory Roku” o Puchar Burmistrza Ursusa - grupa A"]
[Site "Dom Kultury "Kolorowa" Ursus ul. Sosnkowskiego 16"]
[Date "2011.??.??"]
[Round "8.9"]
[White "Rogalski, Krzysztof"]
[Black "Stezycka, Paulina"]
[Result "1-0"]
[WhiteElo "1919"]
[BlackElo "1571"]
[WhiteTitle "I"]
[BlackTitle "II+"]

1.d4 Nf6 2.c4 c5 3.d5 a6 4.a4 d6 5.Nc3 g6 6.e4 Bg7 7.Bd3 O-O 8.Nge2 e6 9.
O-O exd5 10.cxd5 Nbd7 11.Ng3 Ne8 12.Be3 Ne5 13.Be2 Nc7 14.f4 Nd7 15.Bd3 
Rb8 16.a5 b5 17.axb6 Rxb6 18.Qd2 Nb5 19.Nge2 Rb8 20.Ra2 Qe7 21.h3 Nf6 22.
Ng3 Re8 23.Bf2 Nxc3 24.bxc3 c4 25.Bc2 Bb7 26.Rb1 Ra8 27.Rab2 Reb8 28.Rb4 
a5 29.Rxc4 Ba6 30.Rxb8+ Rxb8 31.Rc6 Bb5 32.Rb6 Rxb6 33.Bxb6 a4 34.Bd4 Nd7 
35.Bxg7 Kxg7 36.c4 1-0

[Event "IV Turniej Szachowy „Cztery Pory Roku” o Puchar Burmistrza Ursusa - grupa A"]
[Site "Dom Kultury "Kolorowa" Ursus ul. Sosnkowskiego 16"]
[Date "2011.??.??"]
[Round "8.10"]
[White "Ciechonski, Piotr"]
[Black "Fraczek, Lukasz"]
[Result "1-0"]
[WhiteElo "1888"]
[BlackElo "1503"]
[WhiteTitle "I"]
[BlackTitle "III"]

1.e4 c5 2.Nf3 e6 3.d4 cxd4 4.Nxd4 Nf6 5.Nc3 Nc6 6.Nxc6 bxc6 7.e5 Nd5 8.
Nxd5 cxd5 9.Be2 Qa5+ 10.Bd2 Qb6 11.Rb1 Ba6 12.O-O Bxe2 13.Qxe2 d6 14.c4 
Qa6 15.exd6 Qxc4 16.Qxc4 dxc4 17.Rfc1 Rc8 18.b3 Bxd6 19.Rxc4 Ke7 20.Rbc1 
Kd7 21.Be3 a6 22.Kf1 Rxc4 23.Rxc4 Rc8 24.Ra4 Rc6 25.Ke2 Kc7 26.Kd3 Kb7 27.
Rh4 h6 28.Rg4 g5 29.h4 f5 30.Ra4 Be7 31.h5 Bf6 32.Rc4 Rd6+ 33.Ke2 Rc6 34.
Bc5 g4 35.Kd3 Rc8 36.a4 Rd8+ 37.Ke2 Rc8 38.Be3 Rxc4 39.bxc4 Bg7 40.Kd3 Kc6
41.Kc2 e5 42.Kd3 Kc7 43.Bd2 Kc6 44.Bb4 e4+ 45.Kd2 Bf6 46.Ke3 1-0

[Event "IV Turniej Szachowy „Cztery Pory Roku” o Puchar Burmistrza Ursusa - grupa A"]
[Site "Dom Kultury "Kolorowa" Ursus ul. Sosnkowskiego 16"]
[Date "2011.??.??"]
[Round "8.14"]
[White "Rosiak, Tomasz"]
[Black "Mincewicz, Tomasz"]
[Result "1/2-1/2"]
[WhiteElo "1450"]
[BlackElo "1386"]
[WhiteTitle "II"]
[BlackTitle "III"]

1.d4 Nf6 2.c4 g6 3.Nc3 Bg7 4.e4 d6 5.f4 c5 6.d5 O-O 7.Bd3 Na6 8.a3 Re8 9.
Nf3 e6 10.dxe6 Bxe6 11.O-O Bg4 12.h3 Bxf3 13.Qxf3 Nc7 14.Bd2 Qd7 15.g4 a6 
16.a4 Ne6 17.Ne2 Nd4 18.Nxd4 cxd4 19.f5 h6 20.fxg6 fxg6 21.Bxh6 Bxh6 22.
Qxf6 Be3+ 23.Kg2 Qe6 24.Qxe6+ Rxe6 25.Rf3 Rae8 26.Raf1 R8e7 27.Rf8+ 
1/2-1/2

[Event "IV Turniej Szachowy „Cztery Pory Roku” o Puchar Burmistrza Ursusa - grupa A"]
[Site "Dom Kultury "Kolorowa" Ursus ul. Sosnkowskiego 16"]
[Date "2011.??.??"]
[Round "8.15"]
[White "Mantaev, Ruslan"]
[Black "Wrzesinski, Gustaw"]
[Result "0-1"]
[WhiteElo "1271"]
[BlackElo "1342"]
[WhiteTitle "III"]
[BlackTitle "III"]

1.e4 c5 2.c4 d6 3.Nf3 Nc6 4.h3 Nf6 5.d3 g6 6.Nc3 Bg7 7.Bd2 O-O 8.Be2 Bd7 
9.Qc1 Rc8 10.Bh6 Qc7 11.O-O Rfe8 12.Bd1 a6 13.Nh2 Ne5 14.Qd2 b5 15.Bxg7 
Kxg7 16.f4 Nc6 17.cxb5 axb5 18.Nxb5 Qb6 19.Nc3 c4+ 20.Kh1 cxd3 21.Qxd3 
Qxb2 22.Bb3 Nb4 23.Qe2 Qxc3 24.Rfc1 Qd3 25.Qxd3 Nxd3 26.Rd1 Nb4 27.e5 Ne4 
28.Rd4 Ng3+ 0-1

[Event "IV Turniej Szachowy „Cztery Pory Roku” o Puchar Burmistrza Ursusa - grupa A"]
[Site "Dom Kultury "Kolorowa" Ursus ul. Sosnkowskiego 16"]
[Date "2011.??.??"]
[Round "9.1"]
[White "Nowicki, Bartosz"]
[Black "Strzemiecki, Zbigniew"]
[Result "1/2-1/2"]
[WhiteElo "2138"]
[BlackElo "2422"]
[WhiteTitle "k"]
[BlackTitle "FM"]

1.e4 e6 2.d3 c5 3.Nf3 Nc6 4.g3 g6 5.Bg2 Bg7 6.O-O Nge7 7.c3 e5 8.Be3 d6 9.
Qd2 O-O 10.d4 cxd4 11.cxd4 d5 12.exd5 Nxd5 1/2-1/2

[Event "IV Turniej Szachowy „Cztery Pory Roku” o Puchar Burmistrza Ursusa - grupa A"]
[Site "Dom Kultury "Kolorowa" Ursus ul. Sosnkowskiego 16"]
[Date "2011.??.??"]
[Round "9.2"]
[White "Jarmula, Pawel"]
[Black "Jarmula, Lukasz"]
[Result "1-0"]
[WhiteElo "2081"]
[BlackElo "1871"]
[WhiteTitle "I"]
[BlackTitle "I"]

1.d4 d5 2.c4 c6 3.Nf3 Nf6 4.g3 Bf5 5.Nc3 Nbd7 6.cxd5 cxd5 7.Bf4 e6 8.Qb3 
Qb6 9.Qxb6 axb6 10.Nh4 Bg6 11.Nxg6 hxg6 12.Bg2 Bb4 13.O-O Bxc3 14.bxc3 Ke7
15.c4 Ra4 16.cxd5 exd5 17.Rfc1 Rha8 18.Bg5 Kd6 19.Bf4+ Ke7 20.Rc7 Rxa2 21.
Rxa2 Rxa2 22.Bf3 Ra7 23.g4 Kd8 24.g5 Ne8 25.Rc3 Ra5 26.h4 Nf8 27.e4 Ne6 
28.Be3 dxe4 29.Bxe4 Nd6 30.Bf3 Ra4 31.Rd3 Kc7 32.h5 Nf5 33.h6 gxh6 34.gxh6
Nxe3 35.fxe3 Ra8 36.Rc3+ Kd7 37.Bxb7 Rh8 38.Bc6+ Kd6 39.Bg2 Rxh6 40.Rc6+ 
Kd7 41.Rxb6 Rh8 42.Kf2 Rc8 43.Be4 Rc3 44.Ke2 Rc1 45.Kd2 Rc7 46.Bd3 Ke7 47.
d5 Rd7 48.dxe6 fxe6 49.Ke2 Kf6 50.Bc4 Re7 51.Kf3 Re8 52.Kf4 Re7 53.Ba2 Re8
54.Bb3 Re7 55.Ke4 Re8 56.Rd6 Re7 57.Kd4 Re8 58.e4 Re7 59.e5+ Kf5 60.Bc2+ 
Kg5 61.Ke4 Rb7 62.Rxe6 Rb4+ 63.Ke3 Rb2 64.Bd3 Rb3 65.Rxg6+ Kh5 66.Rg8 Rb6 
67.Kf4 Kh6 68.Kf5 Rb3 69.Be4 Rb5 70.Kf6 Rb6+ 71.e6 Kh5 72.Bf5 Kh4 73.Kf7 
1-0

[Event "IV Turniej Szachowy „Cztery Pory Roku” o Puchar Burmistrza Ursusa - grupa A"]
[Site "Dom Kultury "Kolorowa" Ursus ul. Sosnkowskiego 16"]
[Date "2011.??.??"]
[Round "9.3"]
[White "Janczarski, Michal"]
[Black "Brudzinski, Maciej"]
[Result "1/2-1/2"]
[WhiteElo "2331"]
[BlackElo "1879"]
[WhiteTitle "k++"]
[BlackTitle "I+"]

1.c4 Nf6 2.g3 g6 3.Bg2 Bg7 4.Nc3 c6 5.e3 O-O 6.Nge2 e5 7.d3 d5 8.cxd5 cxd5
9.Qb3 Nbd7 10.Nxd5 Nc5 11.Qc2 Nxd5 12.Qxc5 Be6 13.O-O b6 14.Qa3 a5 15.d4 
Nb4 16.Qa4 Bc4 17.Bxa8 Qxa8 18.Re1 Qf3 19.Nc3 exd4 20.exd4 Bxd4 21.Re3 
Bxe3 22.Bxe3 b5 23.Qd1 Qc6 24.Bh6 Re8 25.Qd4 f6 26.b3 Nc2 27.Qd1 Nxa1 28.
bxc4 Qxc4 29.Nd5 Qc6 30.h4 Kf7 31.Ne3 Rc8 32.Qd4 Rc7 33.Bf4 Nc2 34.Qd3 
Nxe3 35.Qxe3 Rd7 36.Kh2 Qe6 37.Qa3 a4 38.Qb2 Qd5 39.Be3 Qc4 40.Qb1 Qe2 41.
a3 Rd1 42.Qe4 Qd3 43.Qb7+ Qd7 44.Qa8 Qd5 45.Qa7+ Ke6 46.Qa6+ Kf5 47.Qc8+ 
Qd7 48.Qc3 Ke6 49.Qc2 Rd3 50.Qc5 Rd5 51.Qc2 Qd6 52.Qc8+ Qd7 53.Qg8+ Kd6 
54.Bf4+ Kc6 55.Qa8+ Qb7 56.Qe8+ Qd7 57.Qa8+ Kc5 58.Qf8+ Rd6 1/2-1/2

[Event "IV Turniej Szachowy „Cztery Pory Roku” o Puchar Burmistrza Ursusa - grupa A"]
[Site "Dom Kultury "Kolorowa" Ursus ul. Sosnkowskiego 16"]
[Date "2011.??.??"]
[Round "9.4"]
[White "Suliborski, Jakub"]
[Black "Praczukowski, Stanislaw"]
[Result "1-0"]
[WhiteElo "1902"]
[BlackElo "1628"]
[WhiteTitle "I"]
[BlackTitle "II"]

1.a3 d5 2.g3 Nf6 3.Bg2 g6 4.c4 Bg7 5.cxd5 Nxd5 6.Nf3 Nb6 7.O-O O-O 8.Nc3 
c6 9.d3 N8d7 10.Be3 Nf6 11.a4 Nbd5 12.Bd2 Bg4 13.a5 Bxf3 14.Bxf3 Re8 15.
Qb3 Rb8 16.Rfd1 Nxc3 17.bxc3 Qc7 18.d4 Nd7 19.Be3 b6 20.Qc4 Rbc8 21.Bg4 b5
22.Qb3 e6 23.Bf4 Qd8 24.e4 Nf6 25.Bf3 h6 26.Be5 Nh7 27.Bxg7 Kxg7 28.e5 g5 
29.c4 Qd7 30.a6 Rb8 31.cxb5 Rxb5 32.Qc4 Rb6 33.Rac1 Rc8 34.d5 exd5 35.Bxd5
cxd5 36.Qxc8 Qxc8 37.Rxc8 Rxa6 38.Rxd5 Nf8 39.Rdd8 Ne6 40.Rg8+ Kh7 41.Rh8+
Kg6 42.Ra8 Ra1+ 43.Kg2 a5 44.Rhb8 a4 45.Rb4 Kf5 46.Rbxa4 Rxa4 47.Rxa4 Kxe5
48.Ra7 Kf6 49.Kf3 Kg6 50.Ra6 Kf5 51.Ra5+ Kg6 52.Ke4 Ng7 53.Ra6+ f6 54.g4 
h5 55.h3 hxg4 56.hxg4 Ne8 57.Rc6 Ng7 58.Kd5 Kf7 59.Rc7+ Kg6 60.Re7 Kh6 61.
Rf7 Kg6 62.Rf8 f5 63.f3 fxg4 64.fxg4 Kh7 65.Kd6 Kh6 66.Ke7 Kg6 67.Rf1 Nh5 
68.gxh5+ Kxh5 69.Kf6 Kh4 70.Kf5 g4 71.Rf4 1-0

[Event "IV Turniej Szachowy „Cztery Pory Roku” o Puchar Burmistrza Ursusa - grupa A"]
[Site "Dom Kultury "Kolorowa" Ursus ul. Sosnkowskiego 16"]
[Date "2011.??.??"]
[Round "9.5"]
[White "Lewandrowski, Tomasz"]
[Black "Grochulski, Grzegorz"]
[Result "0-1"]
[WhiteElo "1835"]
[BlackElo "2057"]
[WhiteTitle "II+"]
[BlackTitle "I"]

1.e4 c5 2.Nf3 e6 3.d4 cxd4 4.Nxd4 Nf6 5.Nc3 Nc6 6.a3 d6 7.Bc4 a6 8.O-O Qc7
9.Bb3 Be7 10.Kh1 Bd7 11.Be3 Rc8 12.Qe2 Na5 13.Rad1 Nxb3 14.Nxb3 O-O 15.f4 
b5 16.Bd4 e5 17.Be3 Bg4 18.Qd2 Bxd1 19.Rxd1 Rfd8 20.h3 Bf8 21.Qf2 Qc6 22.
Na5 Nxe4 23.Qf3 Qc7 24.Qxe4 Qxa5 25.Nd5 Qa4 26.Nb4 d5 27.Qxe5 Bxb4 28.axb4
Qxb4 29.Rxd5 Rxd5 30.Qxd5 Qxb2 31.Qd7 Qc3 32.g3 Qc6+ 0-1

[Event "IV Turniej Szachowy „Cztery Pory Roku” o Puchar Burmistrza Ursusa - grupa A"]
[Site "Dom Kultury "Kolorowa" Ursus ul. Sosnkowskiego 16"]
[Date "2011.??.??"]
[Round "9.6"]
[White "Powalka, Michal"]
[Black "Eggink, Mateusz"]
[Result "1/2-1/2"]
[WhiteElo "1423"]
[BlackElo "1973"]
[WhiteTitle "II"]
[BlackTitle "II+"]

1.e4 c5 2.d4 cxd4 3.Nf3 d6 4.Nxd4 Nf6 5.Nc3 a6 6.Bg5 Nbd7 7.Bd3 Qc7 8.O-O 
e6 9.Kh1 b5 10.a3 Bb7 11.Nb3 Be7 12.f4 h6 13.Bxf6 Bxf6 14.f5 O-O 15.fxe6 
fxe6 16.Qg4 Rae8 17.Rad1 Ne5 18.Qh3 Qb6 19.Rf4 Nc4 20.Rb1 Bc8 21.Qh5 Nxa3 
22.Rxf6 Nxb1 23.Rxf8+ Rxf8 24.Nxb1 Qe3 25.Qe2 Qf4 26.N1d2 e5 27.h3 Qg3 28.
Nf1 Qh4 29.Nbd2 Rf2 30.Qe3 Rf6 31.Nf3 Qh5 32.Ng3 Qf7 33.Nf5 Kh7 34.Kh2 Qc7
35.Ng3 b4 36.b3 a5 37.Nd2 Bd7 38.Nc4 a4 39.bxa4 Bxa4 40.Nb6 Qa7 41.Nd5 
Qxe3 42.Nxe3 b3 43.Nd5 Rf8 44.cxb3 Bxb3 45.Ne3 g6 46.Nc4 Rd8 47.Nf1 Kg7 
48.Nfe3 Kf7 49.Nd5 Ke6 50.Ncb6 Bxd5 51.exd5+ Kf6 52.Be4 g5 53.g4 Ke7 54.
Nc4 Rf8 55.Bf5 Rb8 56.Ne3 Rb3 57.Nf1 Rb2+ 58.Kg1 Rb5 59.Be4 Rb4 60.Ng3 Kd7
61.Bg2 Rb1+ 62.Kh2 Rb8 63.Nf5 Rh8 64.Kg3 1/2-1/2

[Event "IV Turniej Szachowy „Cztery Pory Roku” o Puchar Burmistrza Ursusa - grupa A"]
[Site "Dom Kultury "Kolorowa" Ursus ul. Sosnkowskiego 16"]
[Date "2011.??.??"]
[Round "9.7"]
[White "Ogonowski, Jakub"]
[Black "Ciechonski, Piotr"]
[Result "1/2-1/2"]
[WhiteElo "1725"]
[BlackElo "1888"]
[WhiteTitle "II"]
[BlackTitle "I"]

1.e4 c5 2.Nf3 d6 3.d4 cxd4 4.Nxd4 Nf6 5.Nc3 g6 6.Be2 Bg7 7.Be3 O-O 8.Qd2 
Ng4 9.Bxg4 Bxg4 10.f3 Bd7 11.O-O-O Nc6 12.g4 Ne5 13.h4 Nc4 14.Qe2 Nxe3 15.
Qxe3 b5 16.h5 b4 17.Nd5 a5 18.hxg6 fxg6 19.Qg5 Rf7 20.Qd2 e5 21.Qh2 h6 22.
Nf5 gxf5 23.gxf5 Bxf5 24.Rdg1 Kh8 25.exf5 Raa7 26.f6 Rxf6 27.Nxf6 Qxf6 28.
Qh5 e4 29.Qe8+ Kh7 30.Qxe4+ Kg8 31.Rg6 Qxb2+ 32.Kd2 Qc3+ 33.Ke2 Qe5 34.
Qxe5 dxe5 35.Rh5 Kh7 36.Rxg7+ Kxg7 37.Rxe5 Kf6 38.Rb5 Re7+ 39.Kd3 Re5 40.
Rb6+ Kg5 41.f4+ Kxf4 42.Rxh6 Re3+ 43.Kc4 Rc3+ 44.Kb5 Ra3 45.Ra6 Rxa2 46.
Rxa5 Rxc2 47.Kxb4 1/2-1/2

[Event "IV Turniej Szachowy „Cztery Pory Roku” o Puchar Burmistrza Ursusa - grupa A"]
[Site "Dom Kultury "Kolorowa" Ursus ul. Sosnkowskiego 16"]
[Date "2011.??.??"]
[Round "9.8"]
[White "Borowicz, Przemyslaw"]
[Black "Rogalski, Krzysztof"]
[Result "1-0"]
[WhiteElo "2005"]
[BlackElo "1919"]
[WhiteTitle "I++"]
[BlackTitle "I"]

1.d4 Nf6 2.c4 e6 3.Nc3 Bb4 4.Qc2 c5 5.dxc5 Na6 6.a3 Bxc5 7.b4 Be7 8.e3 Nc7
9.Bb2 b6 10.Nf3 Bb7 11.Bd3 O-O 12.Rd1 Qc8 13.O-O d5 14.e4 dxe4 15.Nxe4 
Nxe4 16.Bxe4 Bxe4 17.Qxe4 Rd8 18.Ne5 Rxd1 19.Rxd1 Ne8 20.Nc6 Kf8 21.Qxh7 
f6 22.b5 Qc7 23.Qe4 Qc8 24.Nd4 e5 25.Ne6+ Qxe6 26.Qxa8 Qxc4 27.Qd5 Qc2 28.
Bc1 Nd6 29.Be3 Qa4 30.Rc1 Qxa3 31.h3 Qa4 32.Rc7 Qxb5 33.Rc8+ 1-0

[Event "IV Turniej Szachowy „Cztery Pory Roku” o Puchar Burmistrza Ursusa - grupa A"]
[Site "Dom Kultury "Kolorowa" Ursus ul. Sosnkowskiego 16"]
[Date "2011.??.??"]
[Round "9.11"]
[White "Fraczek, Lukasz"]
[Black "Chmielewska, Joanna"]
[Result "0-1"]
[WhiteElo "1503"]
[BlackElo "1717"]
[WhiteTitle "III"]
[BlackTitle "I+"]

1.e4 e6 2.d4 d5 3.exd5 exd5 4.Nf3 Bd6 5.Be2 Ne7 6.O-O Nbc6 7.Nbd2 O-O 8.b3
Ng6 9.Re1 Bf5 10.Bb2 Nb4 11.Rc1 Nxa2 12.Ra1 Nb4 13.Rc1 Re8 14.c4 Nf4 15.
Nf1 dxc4 16.bxc4 Nxe2+ 17.Rxe2 Qd7 18.Ba3 Rxe2 19.Qxe2 Re8 20.Qd2 Nd3 21.
Rc3 Nf4 22.c5 Ne2+ 23.Kh1 Nxc3 24.Qxc3 Bf8 25.Ne3 Be4 26.Ne5 Qb5 27.f3 Bg6
28.g4 Qb1+ 29.Bc1 h5 30.h4 hxg4 31.N3xg4 Bh5 32.Qc4 Re7 33.Kh2 Bxg4 34.
fxg4 Qe4 35.Bg5 Rxe5 0-1

[Event "IV Turniej Szachowy „Cztery Pory Roku” o Puchar Burmistrza Ursusa - grupa A"]
[Site "Dom Kultury "Kolorowa" Ursus ul. Sosnkowskiego 16"]
[Date "2011.??.??"]
[Round "9.13"]
[White "Wrzesinski, Gustaw"]
[Black "Rosiak, Tomasz"]
[Result "0-1"]
[WhiteElo "1342"]
[BlackElo "1450"]
[WhiteTitle "III"]
[BlackTitle "II"]

1.d4 d5 2.c4 e6 3.e3 Nf6 4.Nc3 Bb4 5.Bd2 O-O 6.Nf3 Bxc3 7.Bxc3 Nbd7 8.Be2 
c5 9.O-O b6 10.Rc1 Bb7 11.b4 cxd4 12.Bxd4 Rc8 13.c5 bxc5 14.bxc5 Qe7 15.c6
Rxc6 16.Rxc6 Bxc6 17.Qc2 Rc8 18.Rc1 Qd6 19.Bb5 Bb7 20.Qb2 Rxc1+ 21.Qxc1 a6
22.Bd3 e5 23.Qb2 exd4 24.Qxb7 dxe3 25.fxe3 Nc5 26.Qc8+ Qf8 27.Bxa6 Qxc8 
28.Bxc8 Kf8 29.Kf2 Nfe4+ 30.Ke2 Nc3+ 31.Kd2 Nxa2 32.Bf5 g6 33.Bb1 Nb4 34.
Kc3 Nc6 35.Nd4 Ne7 36.Bc2 Ne6 37.Kb4 Kg7 38.Kc3 Kf6 39.Kd3 Nc5+ 40.Ke2 Ne6
41.Kf3 Nxd4+ 42.exd4 Nf5 43.Bxf5 Kxf5 44.h4 h5 45.g3 f6 46.Ke3 Kg4 47.Kf2 
g5 48.hxg5 fxg5 49.Kg2 h4 50.gxh4 gxh4 51.Kh2 Kf4 52.Kh3 Ke4 0-1

[Event "IV Turniej Szachowy „Cztery Pory Roku” o Puchar Burmistrza Ursusa - grupa A"]
[Site "Dom Kultury "Kolorowa" Ursus ul. Sosnkowskiego 16"]
[Date "2011.??.??"]
[Round "9.14"]
[White "Mincewicz, Tomasz"]
[Black "Reda, Lucja"]
[Result "1/2-1/2"]
[WhiteElo "1386"]
[BlackElo "1304"]
[WhiteTitle "III"]
[BlackTitle "II"]

1.Nf3 d5 2.d4 Nc6 3.e3 Bf5 4.Bd3 Bxd3 5.Qxd3 Nf6 6.c4 e6 7.Nc3 Nb4 8.Qd1 
Be7 9.a3 Nc6 10.cxd5 exd5 11.O-O O-O 12.Re1 Re8 13.Ne5 Bd6 14.f4 a6 15.Qc2
Qe7 16.h3 Rad8 17.g4 Bxe5 18.dxe5 Ne4 19.Nxd5 Rxd5 20.Qxe4 Qh4 21.Qxd5 
Qxe1+ 22.Kh2 Rd8 23.Qh1 Qe2+ 24.Qg2 Qd3 25.b4 Qb3 26.Ra2 Rd1 27.Rd2 Rxd2 
28.Qxd2 h6 29.Kg2 Qc4 30.Bb2 Qe4+ 31.Kg3 g5 32.fxg5 hxg5 33.Qc3 Qh1 34.e6 
Qg1+ 35.Kf3 Qh1+ 36.Ke2 Qg2+ 37.Kd3 Qd5+ 38.Ke2 Qg2+ 39.Kd3 Qd5+ 40.Ke2 
Qg2+ 41.Kd3 Qd5+ 42.Ke2 Qg2+ 1/2-1/2